The UN and the Family (Osn a rodina) (Record n. 207447)

Dettagli MARC
000 -LEADER
fixed length control field 00694npc a2200241Ia 4500
001 - CONTROL NUMBER
control field dg49-2568 [d000002703]
003 - CONTROL NUMBER IDENTIFIER
control field IT-MiCISF
008 - FIXED-LENGTH DATA ELEMENTS--GENERAL INFORMATION
fixed length control field 161014s9999||||xx | und||
040 ## - CATALOGING SOURCE
Original cataloging agency IT-MiCISF
Transcribing agency IT-MiCISF
041 ## - LANGUAGE CODE
Language code of text/sound track or separate title en
999 ## - SYSTEM CONTROL NUMBERS (KOHA)
Koha Dewey Subclass [OBSOLETE] si
100 ## - MAIN ENTRY--PERSONAL NAME
Personal name Vranova Zuzana
240 ## - UNIFORM TITLE
Uniform title The UN and the Family (Osn a rodina)
245 #4 - TITLE STATEMENT
Title The UN and the Family (Osn a rodina)
250 ## - EDITION STATEMENT
Edition statement 1a ed.
260 ## - PUBLICATION, DISTRIBUTION, ETC. (IMPRINT)
Name of publisher, distributor, etc. The Bratislava International Centre for Family Studies
Date of publication, distribution, etc. 1995
300 ## - PHYSICAL DESCRIPTION
Extent pp. 85
500 ## - GENERAL NOTE
General note / famiglia, aif, società, situazione-demografica /
650 ## - SUBJECT ADDED ENTRY--TOPICAL TERM
Topical term or geographic name as entry element famiglia
700 ## - ADDED ENTRY--PERSONAL NAME
Personal name Filadelfiova Jarmila
700 ## - ADDED ENTRY--PERSONAL NAME
Personal name Guran Peter
942 ## - ADDED ENTRY ELEMENTS (KOHA)
Koha item type DOCUMENTI
957 ## -
-- 1
999 ## - SYSTEM CONTROL NUMBERS (KOHA)
-- 1
Dati di copia
Withdrawn status Lost status Damaged status Not for loan Home library Current library Date acquired Total Checkouts Full call number Date last seen Price effective from Koha item type Public note
    Buone Condizioni Not For Loan CISF - Milano CISF - Milano 14/10/2016   dg49-2568 [d000002703] 14/10/2016 14/10/2016 DOCUMENTI Data import 15.10.2016 / by Epidotti, Vaglietti
CREDITS: SOCIETA' SAN PAOLO Via A.Severo, 58 - ROMA (RM) & PERIODICI SAN PAOLO SRL Via Giotto, 36 MILANO & CISF Via Giotto, 36 MILANO & EDIZIONI SAN PAOLO SRL,  Piazza Soncino, 5 CINISELLO BALSAMO (MI) -- ITALY